| 000 | 00973nam a2200289 i 4500 | ||
|---|---|---|---|
| 003 | DO-SdBNP | ||
| 005 | 20231004110405.0 | ||
| 006 | a||||fr|||| 00| 0 | ||
| 007 | ta | ||
| 008 | 231004e bra||||| |||| 00| e por d | ||
| 040 |
_aDO-SdBNP _bspa _cBNPHU _erda |
||
| 041 | _hpor | ||
| 082 | 4 |
_222 _bD555a |
|
| 100 | 1 |
_aDiderot, Denis, _960026 _eautor |
|
| 245 | 1 | 0 |
_aA Religiosa. / _bDenis Diderot; traducción, Antonio Bulhoes y Miécio Tti. |
| 264 | 1 |
_aSao Paulo, Brasil : _bCírculo de Lovro S. A., _c[200?] |
|
| 300 |
_a193 páginas ; _c21 cm. |
||
| 336 |
_2rdacontent _atexto _btxt |
||
| 337 |
_2rdamedia _asin mediación _bn |
||
| 338 |
_2rdacarrier _avolumen _bnc |
||
| 500 | _aIncluye bibliografía y notas al pie de páginas. | ||
| 500 | _aIncluye datos biográficos del autor en las páginas 191 - 192 | ||
| 590 | _aInventariado 2023 / MF | ||
| 700 | 1 |
_aBulhoes, Antonio, _etraductor _984365 |
|
| 700 | 1 |
_aTati, Miécio, _etraductor _984366 |
|
| 942 |
_2ddc _cLBS1 |
||
| 999 |
_c55068 _d55068 |
||